Les noms des stades de Ligue 1 et de le Ligue 2 2016-2017 - Statistiques

Statistiques générales
  • Ce quiz a été pris 257 fois
  • Le résultat moyen est 22 sur 40
Statistiques - réponses
Club Stade % Correct
L1 / Olympique de Marseille Orange Stade Vélodrome
95%
L1 / Paris Saint-Germain FC Parc des Princes
94%
L1 / FC Nantes Stade de la Beaujoire / Louis-Fonteneau
84%
L1 / AS Monaco FC Stade Louis II
82%
L1 / AS Saint-Étienne Stade Geoffroy-Guichard
81%
L1 / Toulouse FC Stadium de Toulouse
77%
L1 / FC Girondins de Bordeaux Stade Matmut-Atlantique
76%
L1 / SC Bastia Stade Armand-Cesari
75%
L1 / EA Guingamp Stade de Roudourou
75%
L1 / Lille OSC Stade Pierre-Mauroy
74%
L1 / OGC Nice Allianz Riviera
72%
L2 / RC Lens Stade Bollaert-Delelis
72%
L1 / Montpellier HSC Stade de la Mosson
71%
L1 / Stade Rennais FC Roazhon Park
69%
L1 / Angers SCO Stade Raymond-Kopa
69%
L1 / Olympique Lyonnais Parc Olympique Lyonnais
68%
L2 / Amiens SC Stade de la Licorne
67%
L2 / RC Strasbourg-Alsace Stade de la Meinau
67%
L2 / AJ Auxerre Stade de l'Abbé-Deschamps
66%
L1 / FC Metz Stade Saint-Symphorien
65%
L1 / FC Lorient Stade du Moustoir
63%
L1 / SM Caen Stade Michel-d'Ornano
57%
L2 / Stade Brestois 29 Stade Francis-Le-Blé
53%
L2 / ES Troyes AC Stade de l'Aube
52%
L2 / Stade de Reims Stade Auguste-Delaune
48%
L1 / AS Nancy-Lorraine Stade Marcel-Picot
48%
L2 / Nîmes Olympique Stade des Costières
44%
L1 / Dijon FCO Stade Gaston-Gérard
44%
L2 / Le Havre AC Stade Océane
44%
L2 / FC Sochaux-Montbéliard Stade Auguste-Bonal
40%
L2 / AC Ajaccio Stade François-Coty
33%
L2 / Clermont Foot 63 Stade Gabriel-Montpied
33%
L2 / Valenciennes FC Stade du Hainaut
30%
L2 / Red Star FC Stade Jean-Bouin
27%
L2 / US Orléans LF Stade de la Source
21%
L2 / Tours FC Stade de la Vallée du Cher
21%
L2 / Stade Lavallois MFC Stade Francis-Le-Basser
21%
L2 / GFC Ajaccio Stade Ange-Casanova
16%
L2 / Chamois Niortais FC Stade René-Gaillard
11%
L2 / Football Bourg-en-Bresse Péronnas Stade Marcel-Verchère
10%
Aucun quiz correspondant
Distribution des résultats
% des personnes avec chaque résultat
Percentile par nombre de réponses
Votre historique - résultats
Vous n’avez pas pris ce quiz